000 01243nam0a2200301 4500
001 RU\NLR\b_ik\184555
005 20260405200639.0
010 _a978-5-7161-0209-5
_9500
035 _a(NLR Aleph) 002257078
090 _a3767782
_c3767782
100 _a20100628d2010 |||y0rusy50 ca
101 1 _aepo
_crus
102 _aRU
105 _ay |||||||||
200 1 _aFabelo pri la triopo
_e[romano]
_fArkadij Strugackij, Boris Strugackij
_g[tradukis: Mikaelo Bronŝtejn]
210 _aMoskvo
_cImpeto
_d2010
215 _a191 с.
_d20
300 _aВ вып. дан.: Сказка о тройке: роман / Аркадий Стругацкий, Борис Стругацкий
517 0 _aСказка о тройке
_eроман
541 0 _aСказка о тройке
_zrus
606 1 _aЭсперанто язык
_jКниги для чтения
_91994328
_3RU\NLR\AUTH\661201296
686 1 _aШ181эсперанто-93хрест
700 1 _4070
_8rus
_7ba
_aStrugackij
_bA. N.
_f1925-1991
_gArkadij Natanovič
_3RU\NLR\AUTH\7788255
_971183
701 1 _4070
_8rus
_7ba
_aStrugackij
_bB. N.
_f1933-2012
_gBoris Natanovič
_3RU\NLR\AUTH\7788260
_971188
801 0 _aRU
_bNLR
_c20100628
_gRCR
942 _cBOOK
980 _aNB